Taylor Swift 48 - Statistics

General Stats
  • This quiz has been taken 13 times
  • The average score is 325 of 404
Answer Stats
Answer % Correct
a
100%
and
100%
do
100%
I
100%
is
100%
it
100%
me
100%
now
100%
the
100%
they
100%
can
90%
'cause
90%
don't
90%
go
90%
like
90%
love
90%
my
90%
see
90%
so
90%
then
90%
this
90%
you
90%
all
80%
could
80%
did
80%
for
80%
had
80%
he
80%
him
80%
how
80%
I'd
80%
if
80%
man
80%
on
80%
one
80%
say
80%
them
80%
they're
80%
up
80%
about
70%
aren't
70%
bad
70%
but
70%
coming
70%
easy
70%
even
70%
ever
70%
every
70%
feel
70%
felt
70%
flames
70%
fun
70%
good
70%
got
70%
just
70%
lie
70%
light
70%
lips
70%
look
70%
make
70%
most
70%
name
70%
never
70%
nothing
70%
oh
70%
over
70%
owe
70%
play
70%
regret
70%
shit
70%
skin
70%
something
70%
talks
70%
tell
70%
their
70%
thing
70%
think
70%
thinks
70%
three
70%
trust
70%
what
70%
why's
70%
again
60%
ahead
60%
before
60%
bit
60%
burning
60%
'em
60%
'em
60%
get
60%
gotta
60%
leave
60%
left
60%
narcissist
60%
pitchforks
60%
playboy
60%
proof
60%
says
60%
spends
60%
violin
60%
witches
60%
works
60%
world
60%
around
50%
away
50%
change
50%
crimson
50%
drops
50%
fly
50%
let
50%
next
50%
paint
50%
reasons
50%
red
50%
saved
50%
throw
50%
receipts
40%
No matching quizzes found
Score Distribution
Percent of People with Each Score
Percentile by Number Answered
Your Score History
You have not taken this quiz